Estadísticas para Países de los Andes

Haz click aquí para tomar la prueba!

Estadísticas generales

  • Esta prueba ha sido tomada 2.572 veces
  • La puntuación promedio es 7 de 7

Estadísticas de respuestas

País% Correcto
Chile
100%
Argentina
99%
Perú
99%
Bolivia
98%
Colombia
98%
Ecuador
98%
Venezuela
94%

Distribución de puntuación

Porcentaje por número respondido

Porcentaje de gente con cada puntuación

Historial de tus puntuaciones

No has tomado esta prueba